Information technology in the humanities : tools, techniques and applications
Αποθηκεύτηκε σε:
| Άλλοι συγγραφείς: | |
|---|---|
| Μορφή: | Βιβλίο |
| Γλώσσα: | English |
| Δημοσίευση: |
Chichester ; New York :
E. Horwood : Halsted Press: a division of John Wiley & Sons,
1987.
|
| Σειρά: | Computers and their applications
|
| Θέματα: | |
| Ετικέτες: |
Προσθήκη ετικέτας
Δεν υπάρχουν, Καταχωρήστε ετικέτα πρώτοι!
|
MARC
| LEADER | 00000cam a2200000 i 4500 | ||
|---|---|---|---|
| 001 | 1/42272 | ||
| 008 | 941103s1987####enk| ||| |||| ||eng|| | ||
| 020 | |a 0134574745 | ||
| 035 | |a 1991 |c ΔΑΡΖΕΝΤΑΣ |l 10041721 | ||
| 040 | |a GR-MyUA |b gre |e AACR2 | ||
| 041 | 0 | |a eng | |
| 082 | 0 | |a 001.302854 | |
| 245 | 1 | 0 | |a Information technology in the humanities : |b tools, techniques and applications / |c editor, Sebastian Rahtz. |
| 260 | |a Chichester ; |a New York : |b E. Horwood : |b Halsted Press: a division of John Wiley & Sons, |c 1987. | ||
| 300 | |a 184 σ. : |b εικ. ; |c 24 εκ. | ||
| 490 | 1 | |a (Computers and their applications) | |
| 500 | |a Βιβλιογραφία: σ. 170-184. | ||
| 504 | |a Περιέχει βιβλιογραφικές αναφορές. | ||
| 650 | 0 | 0 | |a Humanities |x Data processing. |
| 650 | 0 | 0 | |a Computers |x Handbooks, manuals, etc. |
| 700 | 1 | |a Rahtz, S. P. Q. |e edt | |
| 830 | 0 | |a Computers and their applications | |
| 852 | |a INST |b SAMOS |e 19941103 |h 001.302854 INF |p 005300005763 |q 005300005763 |t BK |y 0 | ||
| 909 | |a Σ |b 021778 | ||